Language Practice - Italian - Statistics

General Stats
  • This quiz has been taken 26 times
  • The average score is 14 of 20
Answer Stats
English Italian % Correct
Water Acqua
100%
Friend Amico
100%
Child Bambino
100%
White Bianco
100%
Hot Caldo
100%
House Casa
100%
Woman Donna
100%
Family Famiglia
100%
Strong Forte
100%
Cold Freddo
100%
Cat Gatto
100%
Day Giorno
100%
Large Grande
100%
Brown Marrone
100%
World Mondo
100%
Black Nero
100%
Night Notte
100%
Gold Oro
100%
Bread Pane
100%
Peach Pesca
100%
Small Piccolo
100%
Public Pubblico
100%
Pink Rosa
100%
Red Rosso
100%
Money Soldi
100%
Late Tardi
100%
Sad Triste
100%
Green Verde
100%
Life Vita
100%
Happy Felice
86%
Man Uomo
86%
Big Grande
83%
Slow Lento
83%
Number Numero
83%
Year Anno
80%
Problem Problema
80%
School Scuola
80%
Person Persona
78%
Group Gruppo
75%
Important Importante
75%
Book Libro
75%
Hand Mano
75%
Little Piccolo
75%
Full Pieno
75%
Rich Ricco
75%
Easy Facile
71%
Door Porta
71%
High Alto
67%
Blue Blu
67%
City Città
67%
Work Lavoro
67%
Week Settimana
67%
Time Tempo
67%
Last Ultimo
67%
Good Buono
63%
Part Parte
63%
Different Diverso
60%
New Nuovo
60%
False Falso
57%
True Vero
57%
Silver Argento
50%
Dog Cane
50%
Fact Fatto
50%
Yellow Giallo
50%
Poor Povero
50%
Early Presto
50%
Point Punto
50%
Old Vecchio
50%
Purple Viola
50%
Orange Arancione
43%
Empty Vuoto
40%
Young Giovane
33%
Olive Oliva
33%
Table Tavolo
33%
Bad Cattivo
29%
Car Macchina
29%
Other Altro
25%
Government Governo
25%
Long Lungo
25%
Eye Occhio
25%
Own Proprio
25%
Place Luogo
20%
Violet Violetto
20%
Company Azienda
0%
Thing Cosa
0%
Right Giusto
0%
Gray Grigio
0%
First Primo
0%
Same Stesso
0%
Fast Veloce
0%
No matching quizzes found
Score Distribution
Percent of People with Each Score
Percentile by Number Answered
Your Score History
You have not taken this quiz